Comunicación y sociedad: evolución y análisis comparativo de los medios
Kaydedildi:
| Yazar: | |
|---|---|
| Materyal Türü: | Kitap |
| Dil: | İspanyolca |
| Baskı/Yayın Bilgisi: |
Bogotá
Tercer Mundo
1991
|
| Seri Bilgileri: | Comunicación social
|
| Konular: | |
| Etiketler: |
Etiketle
Etiket eklenmemiş, İlk siz ekleyin!
|
MARC
| LEADER | 00000nam a2200000 a 4500 | ||
|---|---|---|---|
| 001 | UCY3851 | ||
| 003 | CL-VaPUC | ||
| 008 | 950119e19910000CK |||||||||||||||||spa|d | ||
| 082 | 0 | 4 | |a 302.23 |b BAL |2 21 |
| 100 | 0 | |a Balle, Francis |e author |9 332265 | |
| 245 | 1 | 0 | |a Comunicación y sociedad: evolución y análisis comparativo de los medios |
| 300 | |a 514 p | ||
| 942 | |c BK | ||
| 945 | |d 19950119 00:00:00 |a rbrito | ||
| 260 | |a Bogotá |b Tercer Mundo |c 1991 | ||
| 650 | 0 | |a Medios de comunicación de masas |9 257273 | |
| 650 | 7 | |a INFORMACION ASPECTOS SOCIALES |2 CL-VaPUC |9 330817 | |
| 583 | |a last modification |c 19950119 00:00:00 |k Rodrigo Vera | ||
| 490 | 0 | |a Comunicación social | |
| 999 | |c 231895 |d 231893 | ||
| 952 | |0 0 |1 0 |4 0 |6 302_230000000000000_BAL_1991 |7 0 |8 A |9 235696 |a BIBCUR |b BIBCUR |d 2019-11-15 |i 3049582 |o 302.23 BAL 1991 |p 3049582 |r 2025-04-22 |w 2019-11-15 |y BK |k PER | ||
| 952 | |0 0 |1 0 |4 0 |6 302_230000000000000_BAL_1991 |7 0 |8 A |9 235697 |a BIBCUR |b BIBCUR |d 2019-11-15 |i 3597741 |o 302.23 BAL 1991 |p 3597741 |r 2025-04-22 |w 2019-11-15 |y BK |k PER | ||